| 000 | 00775nas a2200241 4500 | ||
|---|---|---|---|
| 001 | BR9601410 | ||
| 003 | BR-BrBNA | ||
| 005 | 20231205095714.0 | ||
| 007 | ta | ||
| 008 | 230509b bl.|||p| |||| 00| 00por d | ||
| 040 |
_aBR-BrBNA _bpor _cBiblioteca Nacional de Agricultura |
||
| 041 | _a(Pt) | ||
| 072 | _aP34 | ||
| 100 | 1 | _aSeganfredo, M.A. | |
| 245 | 1 | _aLeguminosas de verao: capacidade para fixacao simbiotica de nitrogenio e potencial de utilizacao no sul do Brasil | |
| 650 | _aLeguminosa | ||
| 650 | _aFixacao Simbiotica de Nitrogenio | ||
| 650 | _aSimbiose | ||
| 650 | _aManejo do Solo | ||
| 773 | 0 |
_tCiencia Rural (Brazil) _xISSN 0103-8478 _g(Sep-Dec 1995), v. 25(3) p. 481-487 _wBR9601410 |
|
| 909 |
_a202311 _bLúcia _c55 _dLúcia Elande |
||
| 942 |
_2AGRIS _n0 _cANA |
||
| 999 |
_c152250 _d152250 |
||